Music Quiz

Random Music or Kpop Quiz

Kpop A to Z: Idols Quiz Stats

 Plays Quiz not verified by Sporcle

Support Sporcle.
Go Orange.
Score 0/26 Timer 05:00
0 Plays Today
Kpop Idols Groups % Correct
SolarMAMAMOO
98.9%
VernonSeventeen
98.9%
JennieBLACKPINK
98.6%
NayeonTwice
98.6%
BeomgyuTXT
97.8%
RyujinITZY
97.8%
ChangbinStray Kids
97.1%
MoonbinAstro
96%
Winteraespa
94.2%
P.OBlock B
92.8%
ArinOh My Girl
92.1%
OndaEverglow
89.9%
QThe Boyz
89.5%
Kpop Idols Groups % Correct
DoyeonWeki Meki
85.2%
FeiMiss A
76.2%
KeonheeOneus
74.7%
YoohyeonDreamcatcher
71.8%
LudaWJSN
71.5%
XiaoUP10TION
62.8%
HyejeongAOA
62.5%
UONF
58.5%
TaeyoungCravity
53.8%
IntakP1Harmony
50.5%
ZoaWeeekly
48.7%
GyehyeonVERIVERY
43.3%
E-ChanDKB
38.6%

You're not logged in!

Compare scores with friends on all Sporcle quizzes.
OR
Log In

From the Vault

Political Parties By 1% Popular Vote

by poprox101

We always appreciate a well-attended party.
Remove Ads.
Support Sporcle.
Get the best of Sporcle when you Go Orange. This ad-free experience offers more features, more stats, and more fun while also helping to support Sporcle. Thank you for becoming a member.

Show Comments

Extras

Top Quizzes Today


Score Distribution

Your Account Isn't Verified!

In order to create a playlist on Sporcle, you need to verify the email address you used during registration. Go to your Sporcle Settings to finish the process.

Report this User

Report this user for behavior that violates our Community Guidelines.

Details: